banner

Brunner & Suddarth Enfermería medicoquirúrgica / (Registro nro. 322)

000 -LEADER
fixed length control field 01543nam a22002777a 4500
003 - CONTROL NUMBER IDENTIFIER
control field AR-BaISA
005 - DATE AND TIME OF LATEST TRANSACTION
control field 20190218130104.0
007 - PHYSICAL DESCRIPTION FIXED FIELD--GENERAL INFORMATION
fixed length control field ta
008 - FIXED-LENGTH DATA ELEMENTS--GENERAL INFORMATION
fixed length control field 180802s2013 sp ad||| |||| 001 0 spa d
020 ## - INTERNATIONAL STANDARD BOOK NUMBER
International Standard Book Number 9788415684244 (obra completa)
020 ## - INTERNATIONAL STANDARD BOOK NUMBER
International Standard Book Number 9788415840374 (Volumen I)
020 ## - INTERNATIONAL STANDARD BOOK NUMBER
International Standard Book Number 9788415840381 (Volumen II)
040 ## - CATALOGING SOURCE
Transcribing agency AR-BaISA
082 04 - DEWEY DECIMAL CLASSIFICATION NUMBER
Edition number 22
Classification number 617.023 1 S34
100 10 - MAIN ENTRY--PERSONAL NAME
9 (RLIN) 797
Personal name Smeltzer, Suzanne
245 10 - TITLE STATEMENT
Title Brunner & Suddarth Enfermería medicoquirúrgica /
Statement of responsibility, etc. Suzanne Smeltzer...[et al.]
250 ## - EDITION STATEMENT
Edition statement 12ª ed.
260 ## - PUBLICATION, DISTRIBUTION, ETC.
Place of publication, distribution, etc. Barcelona:
Name of publisher, distributor, etc. Wolters Kluwer,
Date of publication, distribution, etc. 2013
300 ## - PHYSICAL DESCRIPTION
Extent 2 v. 2482 p.:
Other physical details il., graf.
500 ## - GENERAL NOTE
General note Numeración distinta en el índice al final de cada volumen
504 ## - BIBLIOGRAPHY, ETC. NOTE
Bibliography, etc. note Bibliografía al final de cada capítulo
504 ## - BIBLIOGRAPHY, ETC. NOTE
Bibliography, etc. note Índice analítico p: I1-I94
505 ## - FORMATTED CONTENTS NOTE
Title TOMO I:
-- Conceptos básicos en enfermería --
-- Conceptos biofísicos y psicosociales en la práctica de la enfermería --
-- Conceptos y retos del manejo del paciente --
-- Conceptos perioperatorios y manejo de enfermería --
-- Intercambio de gases y función respiratoria --
-- Funciones cardiovascular, circulatoria y hematológica --
-- Función digestiva y gastrointestinal --
-- TOMO II:
-- Función metabólica y endocrina --
-- Función del aparato urinario --
-- Función reproductiva --
-- Función inmunitaria --
-- Función tegumentaria --
-- Función sensorineural --
-- Función neurológica --
-- Función musculoesquelética --
-- Otros problemas graves
650 14 - SUBJECT ADDED ENTRY--TOPICAL TERM
9 (RLIN) 798
Topical term or geographic name entry element Enfermería médico-quirúrgica
942 ## - ADDED ENTRY ELEMENTS (KOHA)
Source of classification or shelving scheme
Koha item type Libros
Existencias
Withdrawn status Lost status Source of classification or shelving scheme Damaged status Not for loan Permanent Location Current Location Date acquired Inventory number Total Checkouts Total Renewals Full call number Barcode Date last seen Date last checked out Copy number Price effective from Koha item type
          Biblioteca ISALUD. Dr. Néstor Rodríguez Campoamor Biblioteca ISALUD. Dr. Néstor Rodríguez Campoamor 2019-02-18 1868 10 8 617.023 1 S34 t1 1868 2026-03-31 2024-10-10 t. 2, ej. 2 2019-02-18 Libros
          Biblioteca ISALUD. Dr. Néstor Rodríguez Campoamor Biblioteca ISALUD. Dr. Néstor Rodríguez Campoamor 2019-02-18 2164 5 7 617.023 1 S34 t2 2164 2025-10-30 2025-10-16 t. 2, ej. 3 2019-02-18 Libros
          Biblioteca ISALUD. Dr. Néstor Rodríguez Campoamor Biblioteca ISALUD. Dr. Néstor Rodríguez Campoamor 2019-02-18 2230 14 7 617.023 1 S34 t1 2230 2026-02-18 2026-02-04 t. 1, ej. 1 2019-02-18 Libros
          Biblioteca ISALUD. Dr. Néstor Rodríguez Campoamor Biblioteca ISALUD. Dr. Néstor Rodríguez Campoamor 2019-02-18 2233 8 2 617.023 1 S34 t2 2233 2026-02-18 2026-02-04 t. 2, ej. 1 2019-02-18 Libros
        No disponible Biblioteca ISALUD. Dr. Néstor Rodríguez Campoamor Biblioteca ISALUD. Dr. Néstor Rodríguez Campoamor 2019-02-18 3776     617.023 1 S34 t1 3776 2019-02-18   t. 2, ej. 4 2019-02-18 Libros
          Biblioteca ISALUD. Dr. Néstor Rodríguez Campoamor Biblioteca ISALUD. Dr. Néstor Rodríguez Campoamor 2019-12-16 1867 14 14 617.023 1 S34 t1 1867 2026-04-09 2026-03-31 t. 1, ej. 4 2019-12-16 Libros